Library of the University of Algiers 3
Ibrahim Sultan Cheibout
شعار جامعة الجزائر 3
مكتبة جامعة الجزائر 3
إبراهيم سلطان شيبوط

السلوك التنظيمي في بيئة العولمة و الانترنت / (رقم التسجيلة. 46334)

تفاصيل مارك
000 -LEADER
fixed length control field 01395nam a2200193Ia 4500
003 - CONTROL NUMBER IDENTIFIER
control field Ost
005 - DATE AND TIME OF LATEST TRANSACTION
control field 20260507075803.0
008 - FIXED-LENGTH DATA ELEMENTS--GENERAL INFORMATION
fixed length control field 260507s9999||||xx |||||||||||||| ||und||
040 ## - CATALOGING SOURCE
Transcribing agency fsecg
041 ## - LANGUAGE CODE
Language code of text/sound track or separate title ara
082 ## - DEWEY DECIMAL CLASSIFICATION NUMBER
Classification number 658.015
100 ## - MAIN ENTRY--PERSONAL NAME
Personal name طه، طارق
Relator term مؤلف
245 #0 - TITLE STATEMENT
Title السلوك التنظيمي في بيئة العولمة و الانترنت /
Statement of responsibility, etc. طارق طه
260 ## - PUBLICATION, DISTRIBUTION, ETC.
Place of publication, distribution, etc. الاسكندرية:
Name of publisher, distributor, etc. الجامعة الجديدة,
Date of publication, distribution, etc. 2007
300 ## - PHYSICAL DESCRIPTION
Extent 609 صفحة؛
Other physical details إيضاحات ؛
Dimensions 24 سم
520 ## - SUMMARY, ETC.
Summary, etc. يتناول الكتاب اساسيات علم السلوك التنظيمي ، النظام الاجتماعي و الثقافة و البيئة التنظيمية ، سلوك الافراد و الجماهات و المنظمات في بيئة العولمة و الانترنت، قيادة العاملين و السلوك القيادي ، النظريات المعاصرة و المشاركة و المساندة ، الدافعية و نظم المكافأت و تعديل السلوك التنظيمي ، الرقابة على الاداء التنظيمي ، تنظيم الافراد و الانشطة داخل بيئة العمل ، التصميمات التنظيمية ، ادارة التغيير التنظيمي و الضغوط على الافراد داخل بيئة العمل.
653 ## - INDEX TERM--UNCONTROLLED
Uncontrolled term السلوك الإداري
942 ## - ADDED ENTRY ELEMENTS (KOHA)
Koha item type كتب
المقتنيات
Withdrawn status Lost status Source of classification or shelving scheme Damaged status Not for loan Home library Current library Date acquired Serial enumeration / chronology Inventory number Total checkouts Full call number Barcode Date last seen Price effective from Koha item type
    Library of Congress Classification   NOT LOAN / إعارة داخلية مكتبة كلية العلوم الإقتصادية والعلوم التجارية وعلوم التسيير مكتبة كلية العلوم الإقتصادية والعلوم التجارية وعلوم التسيير 07/05/2026 الطابق الأرضي 025.21/604   537/025.21ن01 025.21/604 07/05/2026 07/05/2026 كتب

موارد الويب المفتوحة


© University of Algiers 3 All Rights Reserved
|
Implemented by LECHELAH Riad